00516nam a2200169M 4500008004100000020002200041100002000063245008200083250001200165260004700177300003400224500002000258504004100278003000100319005001700320040000900337  a0521246385 (hbk.)1 aHill, Dennis S.10aAgricultural insect pests of the tropics and their control /cDennis S. Hill. a2nd ed. aCambridge :bCambridge University,cc1983. axii, 746 p. :bill. ;c20 cm. aIncludes index. aIncludes bibliographical references.20230123134118.0 cNUST